[Event "Oberliga Baden 2122"]
[Site "Germany"]
[Date "2022.04.10"]
[Round "11.6"]
[White "Koll, Lukas"]
[Black "Guenthner, Oliver"]
[Result "1/2-1/2"]
[WhiteElo "2049"]
[BlackElo "2167"]
[PlyCount "55"]
[EventDate "2021.10.10"]
[EventType "team-tourn"]
[EventRounds "11"]
[EventCountry "GER"]
[SourceTitle "EXT 2023"]
[Source "ChessBase"]
[SourceDate "2022.10.05"]
[SourceVersion "1"]
[SourceVersionDate "2022.10.05"]
[SourceQuality "1"]
[WhiteTeam "Karlsruhe"]
[BlackTeam "Hockenheim"]
[WhiteTeamCountry "GER"]
[BlackTeamCountry "GER"]

1. c4 e5 2. g3 Nc6 3. Bg2 g6 4. e3 Bg7 5. Ne2 d6 6. Nbc3 Bd7 7. d4 Nf6 8. b3 0-0 9. 0-0 Qc8 10. Bb2 Bh3 11. Nd5 Bxg2 12. Nxf6+ Bxf6 13. Kxg2 exd4 14. Nxd4 Nxd4 15. Bxd4 Bxd4 16. exd4 Qf5 17. Qf3 Qxf3+ 18. Kxf3 Rfe8 19. Rfe1 f6 20. h4 Kf7 21. g4 Rad8 22. Kf4 d5 23. Rxe8 Kxe8 24. Re1+ Kf7 25. c5 c6 26. Re3 Rb8 27. Rc3 Re8 28. Re3 1/2-1/2

[Event "GER-chT Christmas U20"]
[Site "Playchess.com INT"]
[Date "2020.12.29"]
[Round "7.2"]
[White "Bashylina, Luisa"]
[Black "Koll, Lukas"]
[Result "1/2-1/2"]
[WhiteElo "1978"]
[BlackElo "2049"]
[PlyCount "119"]
[EventDate "2020.12.29"]
[EventType "team-swiss (blitz)"]
[EventRounds "7"]
[EventCountry "GER"]
[SourceTitle "CBM 200 Extra"]
[Source "ChessBase"]
[SourceDate "2021.03.31"]
[SourceVersion "1"]
[SourceVersionDate "2021.03.31"]
[SourceQuality "1"]
[WhiteTeam "Solingen"]
[BlackTeam "Karlsruhe"]
[WhiteTeamCountry "GER"]
[BlackTeamCountry "GER"]

1. e4 c6 2. Nc3 d5 3. Nf3 Bg4 4. h3 Bxf3 5. Qxf3 dxe4 6. Nxe4 e6 7. Be2 Nd7 8. d4 Ndf6 9. Nxf6+ Nxf6 10. c3 Qd5 11. Qg3 Kd7 12. 0-0 Bd6 13. Bf4 Bxf4 14. Qxf4 Qd6 15. Qd2 h6 16. b4 Ke7 17. Rfe1 Rhd8 18. Rab1 Kf8 19. a4 e5 20. Red1 exd4 21. cxd4 Rd7 22. Bf3 Rad8 23. Qb2 Kg8 24. b5 cxb5 25. Qxb5 b6 26. Rbc1 Nd5 27. Rc6 Qb4 28. Qxb4 Nxb4 29. Rc4 a5 30. Kh2 g6 31. Kg3 Kg7 32. Kf4 Nd5+ 33. Bxd5 Rxd5 34. Ke4 f5+ 35. Ke3 R8d6 36. Rd2 Kf6 37. Rb2 Re6+ 38. Kd3 Kg5 39. Rb5 Rdd6 40. d5 Kf6 41. Kd4 Re4+ 42. Kd3 Re5 43. Kd4 Re4+ 44. Kd3 Re1 45. Rc6 Rd1+ 46. Ke2 R1xd5 47. Rbxb6 Re5+ 48. Kf1 Rxc6 49. Rxc6+ Kg5 50. Rc4 Rd5 51. Ke2 Re5+ 52. Kd3 Rd5+ 53. Rd4 Rc5 54. g3 Kh5 55. Rh4+ Kg5 56. Rc4 Rd5+ 57. Rd4 Rc5 58. Rc4 Rd5+ 59. Rd4 Rc5 60. Rc4 1/2-1/2

[Event "GER-chT Christmas U20"]
[Site "Playchess.com INT"]
[Date "2020.12.29"]
[Round "1.2"]
[White "Koll, Lukas"]
[Black "Werner, Rosalie"]
[Result "1-0"]
[WhiteElo "2049"]
[BlackElo "1751"]
[PlyCount "99"]
[EventDate "2020.12.29"]
[EventType "team-swiss (blitz)"]
[EventRounds "7"]
[EventCountry "GER"]
[SourceTitle "CBM 200 Extra"]
[Source "ChessBase"]
[SourceDate "2021.03.31"]
[SourceVersion "1"]
[SourceVersionDate "2021.03.31"]
[SourceQuality "1"]
[WhiteTeam "Karlsruhe"]
[BlackTeam "Offenbach"]
[WhiteTeamCountry "GER"]
[BlackTeamCountry "GER"]

1. c4 Nf6 2. g3 d6 3. Bg2 Nbd7 4. Nc3 g6 5. Nf3 Bg7 6. d4 0-0 7. 0-0 e5 8. e4 c6 9. b3 Qa5 10. Bb2 exd4 11. Nxd4 Ne5 12. h3 Re8 13. f4 Qc5 14. fxe5 dxe5 15. Na4 Qa5 16. Ne2 b5 17. cxb5 Qxb5 18. Rc1 Ba6 19. Nac3 Qb6+ 20. Kh2 Rad8 21. Qe1 Qe3 22. Qf2 Qd2 23. Ba3 Qh6 24. Kg1 Rd2 25. Rfd1 Red8 26. Rxd2 Rxd2 27. Re1 Rd7 28. Bc1 Qh5 29. g4 Nxg4 30. hxg4 Qxg4 31. Qf3 Qe6 32. Rd1 Rxd1+ 33. Nxd1 Qd6 34. Ndc3 f5 35. exf5 Bxe2 36. Nxe2 Qd1+ 37. Qf1 Qc2 38. f6 Bf8 39. f7+ Kg7 40. Be3 Qf5 41. Qxf5 gxf5 42. Bxc6 Kxf7 43. Bxa7 Bb4 44. Bd5+ Kf6 45. a4 e4 46. Be3 Ke5 47. Bg8 Kd6 48. Bxh7 Be1 49. Bxf5 Ke5 50. Bh7 1-0

[Event "GER Pfingstopen U25"]
[Site "Playchess.com INT"]
[Date "2020.06.02"]
[Round "8"]
[White "Biastoch, Bennet"]
[Black "Koll, Lukas"]
[Result "1-0"]
[WhiteElo "2173"]
[BlackElo "1881"]
[PlyCount "67"]
[EventDate "2020.06.02"]
[EventType "swiss (blitz)"]
[EventRounds "11"]
[EventCountry "GER"]
[SourceTitle "CBM 197 Extra"]
[Source "ChessBase"]
[SourceDate "2020.09.30"]
[SourceVersion "1"]
[SourceVersionDate "2020.09.30"]
[SourceQuality "1"]

1. e4 c6 2. d4 d5 3. Nd2 dxe4 4. Nxe4 Bf5 5. Ng3 Bg6 6. h4 h6 7. Nf3 Nd7 8. h5 Bh7 9. Bd3 Bxd3 10. Qxd3 e6 11. Bd2 Ngf6 12. 0-0-0 Be7 13. Ne4 Nxe4 14. Qxe4 Nf6 15. Qe2 Qd5 16. Kb1 Qe4 17. Be3 0-0 18. Nd2 Qf5 19. f3 c5 20. g4 Qd5 21. Nc4 cxd4 22. Rxd4 Qb5 23. g5 hxg5 24. h6 g6 25. h7+ Kh8 26. a4 Qf5 27. Nd6 Bxd6 28. Rxd6 Rfd8 29. Rd4 Nd5 30. Bd2 Rac8 31. Rg1 Qxc2+ 32. Ka1 Nf4 33. Qe5+ Kxh7 34. Bxf4 1-0

[Event "GER Pfingstopen U25"]
[Site "Playchess.com INT"]
[Date "2020.06.02"]
[Round "9"]
[White "Haenselmann, Hendrik"]
[Black "Koll, Lukas"]
[Result "0-1"]
[WhiteElo "1303"]
[BlackElo "1881"]
[PlyCount "146"]
[EventDate "2020.06.02"]
[EventType "swiss (blitz)"]
[EventRounds "11"]
[EventCountry "GER"]
[SourceTitle "CBM 197 Extra"]
[Source "ChessBase"]
[SourceDate "2020.09.30"]
[SourceVersion "1"]
[SourceVersionDate "2020.09.30"]
[SourceQuality "1"]

1. e4 c6 2. d4 d5 3. Nc3 dxe4 4. Nxe4 Bf5 5. Ng3 Bg6 6. h4 h6 7. Nf3 Nd7 8. h5 Bh7 9. Bd3 Bxd3 10. Qxd3 e6 11. Bd2 Ngf6 12. 0-0-0 Be7 13. Ne4 Nxe4 14. Qxe4 Nf6 15. Qd3 b5 16. Kb1 Qd5 17. Ne5 Bd6 18. Rde1 Rd8 19. f4 a6 20. Ba5 Rc8 21. f5 0-0 22. fxe6 fxe6 23. g4 Bxe5 24. dxe5 Qxd3 25. cxd3 Nd5 26. Rhf1 Rxf1 27. Rxf1 Ne3 28. Rf4 Rf8 29. Rxf8+ Kxf8 30. g5 hxg5 31. Bd2 Ng4 32. d4 Nh6 33. Bxg5 Nf5 34. Kc2 Nxd4+ 35. Kd3 Nf5 36. b4 Ng3 37. h6 gxh6 38. Bxh6+ Ke7 39. Bg5+ Kd7 40. Kd4 Nf5+ 41. Kc5 Kc7 42. a3 Ng3 43. Be7 Ne4+ 44. Kd4 Nd2 45. Bd6+ Kd7 46. Kc3 Nc4 47. a4 Nxd6 48. exd6 Kxd6 49. a5 c5 50. Kb3 c4+ 51. Kc3 Kd5 52. Kc2 Kd4 53. Kd2 e5 54. Kc2 e4 55. Kd2 e3+ 56. Ke1 Kc3 57. Kd1 Kxb4 58. Kc2 Kxa5 59. Kc3 Kb6 60. Kb4 a5+ 61. Kc3 Kc5 62. Kc2 b4 63. Kd1 a4 64. Ke2 Kd4 65. Kd1 a3 66. Ke2 a2 67. Kf3 a1Q 68. Kf4 Qf1+ 69. Kg5 e2 70. Kg6 e1Q 71. Kg5 Qee2 72. Kg6 Qeg2+ 73. Kh5 Qfh1# 0-1

[Event "GER Pfingstopen U25"]
[Site "Playchess.com INT"]
[Date "2020.06.02"]
[Round "11"]
[White "Perestjuk, Marko"]
[Black "Koll, Lukas"]
[Result "1-0"]
[WhiteElo "1888"]
[BlackElo "1881"]
[PlyCount "69"]
[EventDate "2020.06.02"]
[EventType "swiss (blitz)"]
[EventRounds "11"]
[EventCountry "GER"]
[SourceTitle "CBM 197 Extra"]
[Source "ChessBase"]
[SourceDate "2020.09.30"]
[SourceVersion "1"]
[SourceVersionDate "2020.09.30"]
[SourceQuality "1"]

1. c4 c5 2. g3 g6 3. Bg2 Bg7 4. Nf3 Nf6 5. d4 cxd4 6. Nxd4 0-0 7. Nc3 Nc6 8. 0-0 Nxd4 9. Qxd4 d6 10. Qd3 Nd7 11. b3 Nc5 12. Qd2 a5 13. Bb2 Bd7 14. Rfd1 Bc6 15. Nd5 Bxd5 16. Bxd5 Bxb2 17. Qxb2 Rb8 18. h4 b5 19. h5 bxc4 20. Bxc4 a4 21. hxg6 hxg6 22. Qc2 Kg7 23. bxa4 Qa5 24. Bb3 Rfc8 25. Qb2+ Kg8 26. Rac1 Nxa4 27. Qa3 Rxc1 28. Rxc1 Ra8 29. Bxa4 Qxa4 30. Rc8+ Kg7 31. Rxa8 Qd1+ 32. Kg2 Qd5+ 33. Qf3 Qc5 34. Ra3 g5 35. Qc3+ 1-0

[Event "GER Pfingstopen U25"]
[Site "Playchess.com INT"]
[Date "2020.06.02"]
[Round "1"]
[White "Schoen, Florian"]
[Black "Koll, Lukas"]
[Result "0-1"]
[WhiteElo "1619"]
[BlackElo "1881"]
[PlyCount "82"]
[EventDate "2020.06.02"]
[EventType "swiss (blitz)"]
[EventRounds "11"]
[EventCountry "GER"]
[SourceTitle "CBM 197 Extra"]
[Source "ChessBase"]
[SourceDate "2020.09.30"]
[SourceVersion "1"]
[SourceVersionDate "2020.09.30"]
[SourceQuality "1"]

1. e4 c6 2. Nc3 d5 3. exd5 cxd5 4. d4 Nf6 5. Bb5+ Bd7 6. Bxd7+ Qxd7 7. Bf4 Nc6 8. Nf3 e6 9. 0-0 Bd6 10. Ne5 Bxe5 11. Bxe5 0-0 12. Bxf6 gxf6 13. f4 f5 14. Qh5 Kh8 15. Rf3 Rg8 16. Qh4 Qe7 17. Qxe7 Nxe7 18. Re1 Nc6 19. Ne2 b5 20. c3 a5 21. Rh3 b4 22. Rf1 Rab8 23. cxb4 Rxb4 24. Rc3 Rxb2 25. Rxc6 Rxe2 26. Rf2 Re1+ 27. Rf1 Rxf1+ 28. Kxf1 Rb8 29. Ra6 Rb1+ 30. Kf2 Rb2+ 31. Ke3 Rxa2 32. Kf3 Kg7 33. Ra7 a4 34. h4 h5 35. g3 Ra1 36. Kf2 a3 37. Kf3 a2 38. Kf2 Rh1 39. g4 hxg4 40. h5 a1Q 41. h6+ Kxh6 0-1

[Event "Verbandsliga Nordbaden 1920"]
[Site "Baden"]
[Date "2020.02.16"]
[Round "6.2"]
[White "Hilzinger, Markus"]
[Black "Koll, Lukas"]
[Result "1/2-1/2"]
[WhiteElo "2141"]
[BlackElo "2093"]
[PlyCount "84"]
[EventDate "2019.09.29"]
[EventType "team-tourn"]
[EventRounds "9"]
[EventCountry "GER"]
[SourceTitle "EXT 2021"]
[Source "ChessBase"]
[SourceDate "2020.10.23"]
[SourceVersion "1"]
[SourceVersionDate "2020.10.23"]
[SourceQuality "1"]
[WhiteTeam "Pforzheim"]
[BlackTeam "Karlsruhe II"]
[WhiteTeamCountry "GER"]
[BlackTeamCountry "GER"]

1. c4 c5 2. Nf3 g6 3. g3 Bg7 4. Nc3 Nc6 5. Bg2 e6 6. 0-0 Nge7 7. d3 0-0 8. Bf4 d6 9. Qd2 Nf5 10. g4 Nfd4 11. Bg5 f6 12. Bh6 Nxf3+ 13. Bxf3 Ne5 14. Bxg7 Kxg7 15. h3 Nxf3+ 16. exf3 f5 17. Kg2 b6 18. g5 Bb7 19. Qf4 h6 20. gxh6+ Kh7 21. Kh2 g5 22. Qg3 Qf6 23. Rg1 Rg8 24. Qxd6 Bxf3 25. Rae1 Rg6 26. Qc7+ Kxh6 27. Re3 g4 28. Qf4+ Kh7 29. Rg3 Rag8 30. a3 Qd4 31. Ne2 Qxb2 32. Rexf3 gxf3 33. Qxf3 Qg7 34. Nf4 Rxg3 35. fxg3 Qh6 36. Qe3 Re8 37. Qe5 Qg7 38. Qe2 Kg8 39. Qh5 Re7 40. Qh4 Kf8 41. Qh5 Kg8 42. Qh4 Kf8 1/2-1/2

[Event "GER-chT U20"]
[Site "Braunschweig"]
[Date "2019.12.29"]
[Round "5.3"]
[White "Koll, Lukas"]
[Black "Kartsev, Nikolaj"]
[Result "1/2-1/2"]
[WhiteElo "2093"]
[BlackElo "2092"]
[PlyCount "64"]
[EventDate "2019.12.27"]
[EventType "team-swiss"]
[EventRounds "7"]
[EventCountry "GER"]
[SourceTitle "CBM 194 Extra"]
[Source "ChessBase"]
[SourceDate "2020.03.31"]
[SourceVersion "1"]
[SourceVersionDate "2020.03.31"]
[SourceQuality "1"]
[WhiteTeam "Karlsruhe SF"]
[BlackTeam "Brackel"]
[WhiteTeamCountry "GER"]
[BlackTeamCountry "GER"]

1. c4 e5 2. Nc3 Nf6 3. g3 Bb4 4. Bg2 0-0 5. Nd5 Bc5 6. e3 c6 7. Nxf6+ Qxf6 8. Ne2 Re8 9. 0-0 Bf8 10. Qc2 d6 11. b3 Qg6 12. e4 d5 13. d3 dxe4 14. dxe4 Na6 15. Be3 Bc5 16. Bxc5 Nxc5 17. Rad1 Bg4 18. f3 Be6 19. b4 Na6 20. a3 Qh6 21. f4 Bg4 22. Bf3 Bxf3 23. Rxf3 exf4 24. Nxf4 Qf6 25. Qe2 Rad8 26. Rfd3 Rxd3 27. Qxd3 Qe5 28. Qd4 Qxd4+ 29. Rxd4 c5 30. Rd7 cxb4 31. axb4 Nxb4 32. Rxb7 a5 1/2-1/2

[Event "GER-chT U20"]
[Site "Braunschweig"]
[Date "2019.12.28"]
[Round "3.6"]
[White "Koll, Lukas"]
[Black "Waffenschmidt, Lars"]
[Result "1/2-1/2"]
[WhiteElo "2093"]
[BlackElo "1885"]
[PlyCount "75"]
[EventDate "2019.12.27"]
[EventType "team-swiss"]
[EventRounds "7"]
[EventCountry "GER"]
[SourceTitle "CBM 194 Extra"]
[Source "ChessBase"]
[SourceDate "2020.03.31"]
[SourceVersion "1"]
[SourceVersionDate "2020.03.31"]
[SourceQuality "1"]
[WhiteTeam "Karlsruhe SF"]
[BlackTeam "Bebenhausen"]
[WhiteTeamCountry "GER"]
[BlackTeamCountry "GER"]

1. Nf3 d5 2. g3 Nf6 3. Bg2 g6 4. d4 Bg7 5. c4 c6 6. 0-0 0-0 7. b3 Bf5 8. Bb2 Nbd7 9. Nbd2 Rc8 10. Rc1 Ne4 11. Nh4 Nxd2 12. Qxd2 Be6 13. cxd5 cxd5 14. Qb4 Qb6 15. Qxb6 Nxb6 16. Nf3 Bf6 17. Ne5 Bxe5 18. dxe5 Rfd8 19. Bd4 Kf8 20. Rfd1 Rxc1 21. Rxc1 Rc8 22. Rxc8+ Nxc8 23. Kf1 Ke8 24. Ke1 Kd7 25. Kd2 Kc6 26. b4 Nb6 27. Bxb6 Kxb6 28. a3 Kb5 29. Kc3 Ka4 30. Kb2 a5 31. bxa5 Kxa5 32. e3 Kb5 33. Bf3 Kc5 34. Kc3 Bd7 35. Bd1 b6 36. g4 g5 37. f3 h6 38. Bc2 1/2-1/2

[Event "Verbandsliga Nordbaden 1920"]
[Site "Baden"]
[Date "2019.11.10"]
[Round "2.7"]
[White "Koll, Lukas"]
[Black "Mueller, Erich2222"]
[Result "1-0"]
[WhiteElo "2093"]
[BlackElo "2125"]
[PlyCount "85"]
[EventDate "2019.09.29"]
[EventType "team-tourn"]
[EventRounds "9"]
[EventCountry "GER"]
[SourceTitle "EXT 2021"]
[Source "ChessBase"]
[SourceDate "2020.10.23"]
[SourceVersion "1"]
[SourceVersionDate "2020.10.23"]
[SourceQuality "1"]
[WhiteTeam "Karlsruhe"]
[BlackTeam "Ladenburg"]
[WhiteTeamCountry "GER"]
[BlackTeamCountry "GER"]

1. c4 d6 2. g3 Nf6 3. Bg2 g6 4. Nc3 Bg7 5. Nf3 0-0 6. 0-0 Nbd7 7. d3 e5 8. Rb1 c6 9. b4 Re8 10. b5 d5 11. bxc6 bxc6 12. cxd5 cxd5 13. Nd2 Nb6 14. Nb3 Rb8 15. d4 Bf5 16. Ra1 Rc8 17. dxe5 Rxc3 18. exf6 Bc2 19. Qe1 Bxf6 20. Bb2 Na4 21. Bxc3 Bxc3 22. Qc1 Bxa1 23. Qxc2 Bf6 24. e3 Nc3 25. Bf3 d4 26. Nxd4 Bxd4 27. exd4 Qxd4 28. Kg2 Re5 29. Rc1 Rc5 30. Qb2 a5 31. a3 Kg7 32. Rc2 Qf6 33. Qb3 Qd4 34. Qb2 Qf6 35. Rd2 Qe5 36. Rd7 Rc7 37. Qb8 Rc5 38. Qa7 Nb5 39. Rxf7+ Kg8 40. Rg7+ Qxg7 41. Qxc5 Qb2 42. a4 Nc3 43. Qxa5 1-0

[Event "Baden-Alsace"]
[Site "Karlsruhe"]
[Date "2018.09.16"]
[Round "1.27"]
[White "Ge, Arthur"]
[Black "Koll, Lukas"]
[Result "0-1"]
[WhiteElo "1646"]
[BlackElo "1980"]
[PlyCount "84"]
[EventDate "2018.09.16"]
[EventType "team-match"]
[EventRounds "1"]
[EventCountry "GER"]
[SourceTitle "EXT 2019"]
[Source "ChessBase"]
[SourceDate "2018.10.10"]
[SourceVersion "1"]
[SourceVersionDate "2018.10.10"]
[SourceQuality "1"]
[WhiteTeam "Alsace"]
[BlackTeam "Baden"]
[WhiteTeamCountry "FRA"]
[BlackTeamCountry "GER"]

1. e4 c6 2. d4 d5 3. exd5 cxd5 4. Bd3 Nc6 5. c3 Nf6 6. Bf4 Bg4 7. Nf3 e6 8. Nbd2 Bd6 9. Bxd6 Qxd6 10. 0-0 0-0 11. Qb3 Rfe8 12. Rae1 Nd7 13. Qc2 Nf8 14. Ne5 Bh5 15. Ndf3 f6 16. Nxc6 bxc6 17. Be2 e5 18. dxe5 fxe5 19. Nh4 Bg6 20. Nxg6 Nxg6 21. Bh5 Re6 22. Bxg6 Rxg6 23. Re3 Rf8 24. Rfe1 e4 25. Qe2 Rgf6 26. Rf1 Qc5 27. c4 Rf4 28. cxd5 cxd5 29. Rc3 Qd6 30. Rg3 d4 31. Rg4 d3 32. Qd1 Qf6 33. Rxf4 Qxf4 34. Qc1 d2 35. Qc4+ Kh8 36. Qe2 Rc8 37. Rd1 Rc1 38. Qh5 h6 39. Qe2 Rc2 40. Qb5 Rc1 41. Qe2 Qd6 42. Qf1 Qc5 0-1

[Event "GER-chT U14"]
[Site "Duesseldorf"]
[Date "2016.12.28"]
[Round "3.2"]
[White "Koll, Lukas"]
[Black "Suvorov, Luca"]
[Result "1/2-1/2"]
[WhiteElo "1805"]
[BlackElo "1967"]
[PlyCount "131"]
[EventDate "2016.12.27"]
[EventType "team-swiss"]
[EventRounds "7"]
[EventCountry "GER"]
[SourceTitle "EXT 2018"]
[Source "ChessBase"]
[SourceDate "2017.10.13"]
[SourceVersion "1"]
[SourceVersionDate "2017.10.13"]
[SourceQuality "1"]
[WhiteTeam "Karlsruhe SF U14"]
[BlackTeam "Porz SG U14"]
[WhiteTeamCountry "GER"]
[BlackTeamCountry "GER"]

1. Nf3 Nf6 2. g3 g6 3. Bg2 Bg7 4. 0-0 0-0 5. b3 d6 6. Bb2 e5 7. e3 c6 8. c4 Nh5 9. e4 c5 10. d3 Nc6 11. Nc3 Nf6 12. Qc2 a6 13. h3 h6 14. a3 Rb8 15. Na2 Be6 16. Bc1 Qd7 17. Kh2 b5 18. Be3 Rfc8 19. Qd2 Kh7 20. Rab1 a5 21. a4 b4 22. Ng1 Ng8 23. f4 exf4 24. Bxf4 Rf8 25. Rbe1 Nd4 26. Qd1 Rbe8 27. Nc1 Be5 28. Be3 Nc6 29. Nf3 f5 30. Nxe5 Nxe5 31. d4 cxd4 32. Bxd4 Nc6 33. h4 Nf6 34. exf5 gxf5 35. Bxf6 Rxf6 36. Nd3 Rg8 37. Rxe6 Rxe6 38. Bd5 Re3 39. Bxg8+ Kxg8 40. Nf4 Ne7 41. Nd5 Re6 42. Nxe7+ Rxe7 43. Qd5+ Kg7 44. Qxf5 Qxf5 45. Rxf5 Re3 46. Rxa5 Rxb3 47. Ra7+ Kf6 48. Rb7 Rb2+ 49. Kh3 b3 50. a5 Ra2 51. Rxb3 Rxa5 52. Rf3+ Kg7 53. Kg4 h5+ 54. Kh3 Rc5 55. Rf4 Kg6 56. Rd4 Rc6 57. Kg2 Kf6 58. Kf3 Kf7 59. Ke4 Ke6 60. Kd3 Rc5 61. Ke4 Rxc4 62. Rxc4 d5+ 63. Kd4 dxc4 64. Kxc4 Kf5 65. Kd3 Kg4 66. Ke2 1/2-1/2

[Event "GER-chT Lands U20"]
[Site "Hannover"]
[Date "2016.10.03"]
[Round "4.5"]
[White "Pfreundt, Mathis"]
[Black "Koll, Lukas"]
[Result "1-0"]
[WhiteElo "1899"]
[BlackElo "1820"]
[PlyCount "65"]
[EventDate "2016.10.01"]
[EventType "team-swiss"]
[EventRounds "7"]
[EventCountry "GER"]
[SourceTitle "CBM 174 Extra"]
[Source "ChessBase"]
[SourceDate "2016.10.10"]
[SourceVersion "1"]
[SourceVersionDate "2016.10.10"]
[SourceQuality "1"]
[WhiteTeam "Hamburg"]
[BlackTeam "Baden II"]
[WhiteTeamCountry "GER"]
[BlackTeamCountry "GER"]

1. e4 c6 2. d4 d5 3. Nc3 dxe4 4. Nxe4 Bf5 5. Ng3 Bg6 6. h4 h6 7. Nf3 Nf6 8. Ne5 Bh7 9. Bd3 Bxd3 10. Qxd3 e6 11. Bd2 Nbd7 12. f4 c5 13. 0-0-0 cxd4 14. Ng6 Rg8 15. Nxf8 Nxf8 16. Bb4 Qb6 17. Qa3 N8d7 18. Ba5 Qa6 19. Rxd4 b6 20. Bb4 Qxa3 21. Bxa3 0-0-0 22. Be7 Rde8 23. Bd6 Kb7 24. Be5 b5 25. Ne4 Nxe4 26. Rxd7+ Kb6 27. Rxf7 Ng3 28. Rd1 Nf5 29. Rdd7 Nxh4 30. Rd6+ Kc5 31. Rc7+ Kb4 32. Bc3+ Ka4 33. Ra6# 1-0

[Event "GER-chT U12"]
[Site "Schney"]
[Date "2013.12.30"]
[Round "7.2"]
[White "Roseneck, Jonas"]
[Black "Koll, Lukas"]
[Result "1-0"]
[WhiteElo "1781"]
[BlackElo "1539"]
[PlyCount "75"]
[EventDate "2013.12.27"]
[EventType "team-swiss"]
[EventRounds "7"]
[EventCountry "GER"]
[SourceTitle "EXT 2015"]
[Source "ChessBase"]
[SourceDate "2014.11.20"]
[SourceVersion "1"]
[SourceVersionDate "2014.11.20"]
[SourceQuality "1"]
[WhiteTeam "Magdeburg Aufbau Elbe"]
[BlackTeam "Karlsruhe"]
[WhiteTeamCountry "GER"]
[BlackTeamCountry "GER"]

1. e4 e5 2. Nf3 Nc6 3. Bc4 Bc5 4. c3 Nf6 5. d4 exd4 6. cxd4 Bb4+ 7. Nc3 Nxe4 8. 0-0 Bxc3 9. d5 Bf6 10. Re1 Ne7 11. Rxe4 d6 12. Bg5 Bxg5 13. Nxg5 h6 14. Qe2 hxg5 15. Re1 Be6 16. dxe6 f6 17. Re3 Kf8 18. Qd3 g6 19. Rf3 Kg7 20. Rxf6 Rf8 21. Rxf8 Qxf8 22. Re3 Qf5 23. Rf3 Qxd3 24. Rf7+ Kh6 25. Bxd3 Re8 26. g3 a6 27. Kg2 c5 28. Kf3 b5 29. Kg4 Nf5 30. Bxf5 gxf5+ 31. Kxf5 d5 32. e7 d4 33. Ke6 d3 34. Rf5 c4 35. Kd7 Rxe7+ 36. Kxe7 b4 37. Rd5 c3 38. bxc3 1-0

[Event "GER-ch U25 op-A"]
[Site "Oberhof"]
[Date "2013.05.21"]
[Round "5"]
[White "Mauser, Tassilo Tino"]
[Black "Koll, Lukas"]
[Result "1-0"]
[WhiteElo "1735"]
[BlackElo "1464"]
[PlyCount "105"]
[EventDate "2013.05.19"]
[EventType "swiss"]
[EventRounds "9"]
[EventCountry "GER"]
[SourceTitle "CBM 154 Extra"]
[Source "ChessBase"]
[SourceDate "2013.06.25"]
[SourceVersion "2"]
[SourceVersionDate "2013.06.25"]
[SourceQuality "1"]

1. c4 c5 2. Nf3 g6 3. d4 cxd4 4. Nxd4 Bg7 5. Nc3 Nc6 6. Nxc6 bxc6 7. Qc2 d5 8. cxd5 cxd5 9. e3 e6 10. Bd2 Rb8 11. Be2 Ne7 12. 0-0 0-0 13. Rfd1 Bd7 14. Be1 Rc8 15. Rac1 Qb6 16. Qb1 Rfd8 17. Bf1 Rb8 18. b3 Rbc8 19. Ne2 Rxc1 20. Rxc1 Rc8 21. Rxc8+ Bxc8 22. Bc3 Bxc3 23. Nxc3 Ba6 24. Na4 Qc6 25. Bxa6 Qxa6 26. Qc2 Qc8 27. Qxc8+ Nxc8 28. Kf1 Kf8 29. Ke2 Ke7 30. Kd3 Kd6 31. Kd4 e5+ 32. Kc3 Ne7 33. Nb2 Nc6 34. a3 f5 35. b4 a6 36. Na4 g5 37. Nc5 Nb8 38. g3 g4 39. a4 e4 40. Nb3 h5 41. Nd4 Ke5 42. b5 axb5 43. axb5 Nd7 44. Ne2 Nb6 45. Nf4 Kd6 46. Kd4 Nc4 47. Nxd5 Nb2 48. b6 Kc6 49. Ke5 Nd3+ 50. Kxf5 Nxf2 51. Kg5 Nd3 52. Kxh5 Nc5 53. Kxg4 1-0

[Event "GER-chT U12"]
[Site "Verden"]
[Date "2012.12.29"]
[Round "6.2"]
[White "Koll, Lukas"]
[Black "Huber, Benedikt"]
[Result "1-0"]
[WhiteElo "1340"]
[BlackElo "1445"]
[PlyCount "58"]
[EventDate "2012.12.27"]
[EventType "team-swiss"]
[EventRounds "7"]
[EventCountry "GER"]
[SourceTitle "EXT 2014"]
[Source "ChessBase"]
[SourceDate "2013.11.20"]
[SourceVersion "1"]
[SourceVersionDate "2013.11.20"]
[SourceQuality "1"]
[WhiteTeam "Karlsruhe 1853"]
[BlackTeam "Muenchen Suedost"]
[WhiteTeamCountry "GER"]
[BlackTeamCountry "GER"]

1. e4 e6 2. d4 d5 3. exd5 exd5 4. c3 Nc6 5. Bf4 Nf6 6. Nd2 Bf5 7. Ngf3 Be7 8. Be2 Qd7 9. Ne5 Nxe5 10. Bxe5 0-0-0 11. Nb3 Qe6 12. 0-0 h5 13. Bxf6 Bxf6 14. Bxh5 Qd6 15. g3 g6 16. Bg4 Bd7 17. Bxd7+ Qxd7 18. Qf3 Rh7 19. Qg2 Rdh8 20. f3 Qf5 21. Rf2 Qe6 22. Kf1 Qa6+ 23. Kg1 Qe6 24. Re2 Qd6 25. Rae1 Qd7 26. Nc5 Qb5 27. f4 b6 28. Nb3 Qa4 29. Qxd5 Qxa2 1-0

[Event "GER-chT U12"]
[Site "Verden"]
[Date "2012.12.28"]
[Round "4.2"]
[White "Neumann, Tiemon"]
[Black "Koll, Lukas"]
[Result "0-1"]
[WhiteElo "1499"]
[BlackElo "1340"]
[PlyCount "89"]
[EventDate "2012.12.27"]
[EventType "team-swiss"]
[EventRounds "7"]
[EventCountry "GER"]
[SourceTitle "EXT 2014"]
[Source "ChessBase"]
[SourceDate "2013.11.20"]
[SourceVersion "1"]
[SourceVersionDate "2013.11.20"]
[SourceQuality "1"]
[WhiteTeam "Aurich"]
[BlackTeam "Karlsruhe 1853"]
[WhiteTeamCountry "GER"]
[BlackTeamCountry "GER"]

1. e4 e5 2. Nf3 Nc6 3. Nc3 Bc5 4. Nxe5 Nxe5 5. d4 Bd6 6. dxe5 Bxe5 7. Bd2 d6 8. Bc4 Nf6 9. h3 h6 10. Qf3 Be6 11. Bxe6 fxe6 12. Bf4 Bxf4 13. Qxf4 e5 14. Qf5 Qd7 15. Qg6+ Qf7 16. Qxf7+ Kxf7 17. f3 a6 18. 0-0-0 Rad8 19. g3 Rhf8 20. f4 exf4 21. gxf4 Kg8 22. e5 dxe5 23. fxe5 Nd7 24. e6 Nf6 25. e7 Rxd1+ 26. Rxd1 Re8 27. Rd8 Kf7 28. Nd5 Nxd5 29. Rxd5 Rxe7 30. Kd2 Ke6 31. Rd3 Rd7 32. Rxd7 Kxd7 33. Ke3 Ke7 34. Kf3 Kf6 35. Kf4 g5+ 36. Kg4 Kg6 37. b3 h5+ 38. Kg3 Kf5 39. Kf3 g4+ 40. hxg4+ hxg4+ 41. Kg3 Kg5 42. b4 b5 43. a3 c6 44. c3 Kh5 45. Kf4 0-1